[Event "Reykjavik Open 2025"]
[Site "Reykjavik"]
[Date "2025.04.10"]
[Round "2.127"]
[White "Deepak Ambattu, Rithvik"]
[Black "Wittkowski, Ralf"]
[Result "1-0"]
[WhiteElo "1971"]
[WhiteFideId "2410060"]
[BlackElo "1701"]
[BlackFideId "12959812"]
[Variant "Standard"]
[StudyName "ROpen 2025 - Rd2 - Boards 109-172"]
1. e4 d5 2. exd5 Nf6 3. Nf3 Bg4 4. Bb5+ Nbd7 5. h3 Bh5 6. c4 a6 7. Bxd7+ Qxd7 8. Nc3 e6 9. dxe6 Qxe6+ 10. Qe2 Bxf3 11. Qxe6+ fxe6 12. gxf3 Rd8 13. Ke2 Kf7 14. d3 h6 15. Be3 Be7 16. d4 Rhe8 17. Ne4 b6 18. Rad1 Rd7 19. Rd3 Red8 20. Rhd1 Bf8 21. Nxf6 gxf6 22. Bf4 h5 23. b3 Bb4 24. Bd2 Bf8 25. Bc3 c6 26. Ke3 f5 27. f4 Bg7 28. Kf3 Bf6 29. a4 c5 30. Ke3 Bh4 31. f3 Bf6 32. dxc5 Rxd3+ 33. Rxd3 bxc5 34. Bxf6 Rxd3+ 35. Kxd3 Kxf6 36. a5 h4 37. Kd2 Ke7 38. Kc3 Kd6 39. b4 Kc6 40. Kb3 cxb4 41. Kxb4 Kc7 42. Kc5 Kd7 43. Kb6 1-0

[Event "Reykjavik Open 2025"]
[Site "Reykjavik"]
[Date "2025.04.10"]
[Round "2.128"]
[White "Boleslav, Petr"]
[Black "Holcomb, David D"]
[Result "1-0"]
[WhiteElo "1970"]
[WhiteFideId "320005"]
[BlackElo "1674"]
[BlackFideId "39928314"]
[Variant "Standard"]
[StudyName "ROpen 2025 - Rd2 - Boards 109-172"]
1. e4 e6 2. d4 d5 3. e5 c5 4. c3 Nc6 5. Nf3 Bd7 6. Bd3 f6 7. O-O Qc7 8. Re1 O-O-O 9. Na3 c4 10. Bf1 fxe5 11. dxe5 Bxa3 12. bxa3 h6 13. a4 Nge7 14. Ba3 Rde8 15. Rb1 a6 16. Qc2 Na7 17. Be2 Qa5 18. Bd1 b5 19. Bb4 Qxa4 20. Qb2 1-0

[Event "Reykjavik Open 2025"]
[Site "Reykjavik"]
[Date "2025.04.10"]
[Round "2.129"]
[White "Borne, Milan"]
[Black "Johannsson, Markus Orri"]
[Result "1/2-1/2"]
[WhiteElo "1673"]
[WhiteFideId "652011941"]
[BlackElo "1969"]
[BlackFideId "2318539"]
[Variant "Standard"]
[StudyName "ROpen 2025 - Rd2 - Boards 109-172"]
1. d4 d5 2. c4 e6 3. Nf3 Nf6 4. g3 Bb4+ 5. Bd2 Be7 6. Bg2 O-O 7. O-O b6 8. cxd5 exd5 9. Nc3 c6 10. Ne5 Bf5 11. Rc1 Qd6 12. a3 h6 13. Bf4 Qe6 14. Qb3 Bh3 15. Rfe1 Bxg2 16. Kxg2 Nbd7 17. e4 dxe4 18. Qxe6 fxe6 19. Ng6 Rfe8 20. Nxe7+ Rxe7 21. Nxe4 Nxe4 22. Rxe4 Nf6 23. Re2 Rc8 24. Rec2 Nd5 25. Bd6 Rd7 26. Rxc6 Rxc6 27. Rxc6 Kf7 28. Be5 Re7 29. Rc8 Rd7 30. Ra8 Ne7 31. Kf3 Nc6 32. Rc8 Ne7 33. Rc7 Rxc7 34. Bxc7 Nc6 35. Ke4 Na5 36. Kd3 Ke7 37. b4 Nb3 38. Bf4 a5 39. Kc3 a4 40. Kc4 g5 41. Be3 Kd6 42. Kb5 Na1 43. Kxa4 Kc6 44. b5+ Kd5 45. Kb4 Nc2+ 46. Kb3 Ne1 47. h4 gxh4 48. gxh4 h5 49. a4 Nf3 50. Kb4 Nxh4 51. a5 bxa5+ 52. Kxa5 Nf5 53. b6 Kc6 54. Bf4 Kb7 55. Kb5 Nxd4+ 56. Kc5 Nf5 57. Bc7 h4 58. Kc4 h3 59. Kd3 Ne7 60. Ke2 Nd5 61. Kf3 Nc3 62. Kg3 Ne4+ 63. Kxh3 Nxf2+ 64. Kg3 Nd3 65. Kf3 Nb4 66. Ke4 Nd5 67. Ke5 Nxc7 68. bxc7 Kxc7 69. Kxe6 1/2-1/2

[Event "Reykjavik Open 2025"]
[Site "Reykjavik"]
[Date "2025.04.10"]
[Round "2.131"]
[White "Balje, Jan"]
[Black "Friedel, Joshua"]
[Result "0-1"]
[WhiteElo "2125"]
[WhiteFideId "1004085"]
[BlackElo "2552"]
[BlackFideId "2017199"]
[Variant "Standard"]
[StudyName "ROpen 2025 - Rd2 - Boards 109-172"]
1. d4 Nf6 2. c4 e6 3. g3 d5 4. Nf3 Bb4+ 5. Bd2 a5 6. Bg2 O-O 7. Qc2 Be7 8. O-O c6 9. Bf4 Nbd7 10. a4 Ne4 11. Nc3 g5 12. Bc1 f5 13. e3 g4 14. Ne1 Ndf6 15. Ne2 dxc4 16. Qxc4 b5 17. Qc2 Bb7 18. Nf4 Qc8 19. Ned3 b4 20. Bd2 Rd8 21. Rfd1 c5 22. Nxc5 Bxc5 23. dxc5 Ra6 24. Be1 Rxd1 25. Rxd1 Rc6 26. Nd3 Rc7 27. Rc1 Bd5 28. b3 Nd7 29. Qb2 Ndxc5 30. Nf4 Nd7 31. Rxc7 Qxc7 32. Bd2 Qe5 33. Qc2 Bxb3 34. Qxb3 Qa1+ 35. Bf1 Qxf1+ 0-1

[Event "Reykjavik Open 2025"]
[Site "Reykjavik"]
[Date "2025.04.10"]
[Round "2.132"]
[White "Zhou, Guijue"]
[Black "Sokolovsky, Yahli"]
[Result "0-1"]
[WhiteElo "2127"]
[WhiteFideId "8602905"]
[BlackElo "2546"]
[BlackFideId "2820242"]
[Variant "Standard"]
[StudyName "ROpen 2025 - Rd2 - Boards 109-172"]
1. e4 c5 2. Nf3 d6 3. d4 cxd4 4. Nxd4 Nf6 5. Nc3 a6 6. Be2 e5 7. Nb3 Be7 8. Bg5 Be6 9. Bxf6 Bxf6 10. Qd3 Nc6 11. O-O-O Nd4 12. Nxd4 exd4 13. Nd5 Bxd5 14. exd5 Qa5 15. Kb1 O-O-O 16. Bf3 Kb8 17. Rhe1 Rc8 18. Re4 Rc5 19. Qe2 Ka7 20. Qe1 Qa4 21. Re2 Rhc8 22. Be4 d3 23. Bxd3 Ra5 24. a3 Bxb2 25. Qb4 Qxb4 26. axb4 Ra1+ 27. Kxb2 Rxd1 28. Re7 Rf8 29. Kc3 Rg1 30. g3 Rg2 31. Kd4 Rxh2 32. f3 h5 33. c4 h4 34. gxh4 Rxh4+ 35. Ke3 g5 36. Rd7 Re8+ 37. Kf2 Rf4 38. Rxd6 g4 39. Be2 Rd4 40. b5 axb5 0-1

[Event "Reykjavik Open 2025"]
[Site "Reykjavik"]
[Date "2025.04.10"]
[Round "2.133"]
[White "Kunin, Vitaly"]
[Black "Jonsson, Gauti Pall"]
[Result "0-1"]
[WhiteElo "2522"]
[WhiteFideId "4128737"]
[BlackElo "2122"]
[BlackFideId "2309092"]
[Variant "Standard"]
[StudyName "ROpen 2025 - Rd2 - Boards 109-172"]
1. d4 Nf6 2. c4 c5 3. d5 b5 4. Qc2 bxc4 5. e4 d6 6. Bxc4 g6 7. Nc3 Bg7 8. Nf3 O-O 9. O-O Ba6 10. Nd2 Bxc4 11. Nxc4 Nbd7 12. Bd2 Rb8 13. h3 Ne8 14. Rad1 f5 15. exf5 Rxf5 16. Ne2 Nc7 17. Ba5 Qc8 18. Qe4 Ne5 19. Ng3 Rf7 20. Nxe5 Bxe5 21. Bc3 Bxc3 22. bxc3 Qa6 23. h4 Qxa2 24. h5 Rbf8 25. hxg6 Rxf2 26. Kh2 e5 27. Nh5 Ne8 28. Qg4 R8f5 29. Rxf2 Qxf2 30. gxh7+ Kxh7 31. Rb1 Rf7 32. Rb8 Nf6 33. Qh3 Nxh5 34. Qxh5+ Kg7 35. Qg5+ Kh7 36. Qh5+ Kg7 37. Qh8+ Kg6 38. Rg8+ Kf5 39. c4 Ke4 40. Rg3 Kd4 41. Qh3 Qf5 42. Qxf5 Rxf5 43. Rg6 e4 44. Rxd6 Kxc4 45. Ra6 Rxd5 46. g4 e3 47. Kg2 Kd3 48. Ra3+ Ke4 49. Rxa7 c4 50. Re7+ Kf4 51. Rc7 Rd2+ 52. Kf1 Rc2 53. Ke1 Kf3 54. Kd1 Rg2 55. Rf7+ Ke4 56. Re7+ Kd3 57. Rd7+ Kc3 58. Re7 Rg1+ 59. Ke2 Rxg4 60. Kxe3 Kc2 61. Rb7 c3 62. Rb8 Kc1 63. Kd3 c2 64. Rh8 Rg3+ 65. Kc4 Kb1 66. Rb8+ Ka2 67. Ra8+ Ra3 0-1

[Event "Reykjavik Open 2025"]
[Site "Reykjavik"]
[Date "2025.04.10"]
[Round "2.134"]
[White "Bailet, Pierre"]
[Black "Clyde, Jordan"]
[Result "1-0"]
[WhiteElo "2495"]
[WhiteTitle "GM"]
[WhiteFideId "655830"]
[BlackElo "2095"]
[BlackFideId "2616653"]
[Variant "Standard"]
[StudyName "ROpen 2025 - Rd2 - Boards 109-172"]
1. e4 Nf6 2. e5 Nd5 3. d4 d6 4. Nf3 dxe5 5. Nxe5 c6 6. Be2 Nd7 7. Nf3 N7f6 8. c4 Nb6 9. h3 Bf5 10. O-O e6 11. Nh4 Bxb1 12. Rxb1 Nbd7 13. Bf4 Ne4 14. Nf3 Bd6 15. Be3 O-O 16. Qc2 Nef6 17. g3 Qa5 18. Kg2 Rac8 19. Bd2 Qc7 20. b4 a6 21. a4 Rfe8 22. Rfe1 Qd8 23. Rb3 b5 24. Rc1 Rb8 25. Ra1 Rb7 26. axb5 axb5 27. c5 Bb8 28. Ra8 Ra7 29. Rxa7 Bxa7 30. Qa2 Qc7 31. Ra3 Ra8 32. Ne5 Nxe5 33. dxe5 Nd5 34. Bf3 h6 35. h4 Qb7 36. h5 Nc7 37. Qa1 Bb8 38. Rxa8 Nxa8 39. Qd4 Qc8 40. Qe4 Qc7 41. Qxc6 Qxc6 42. Bxc6 Nc7 43. Kf3 Ba7 44. Ke4 Bb8 45. g4 Ba7 46. f4 g6 47. Kd4 Kg7 48. Be1 g5 49. Bd2 f6 50. exf6+ Kxf6 51. Ke4 gxf4 52. Bxf4 Na6 53. Bd2 Kg7 54. Bxb5 Nxc5+ 55. bxc5 Bxc5 56. Ke5 1-0

[Event "Reykjavik Open 2025"]
[Site "Reykjavik"]
[Date "2025.04.10"]
[Round "2.135"]
[White "Larkin, Vladyslav"]
[Black "Kunz, Andre"]
[Result "1-0"]
[WhiteElo "2449"]
[WhiteFideId "14152894"]
[BlackElo "2115"]
[BlackFideId "24623652"]
[Variant "Standard"]
[StudyName "ROpen 2025 - Rd2 - Boards 109-172"]
1. e4 c6 2. d4 d5 3. Nd2 dxe4 4. Nxe4 Nf6 5. Nxf6+ exf6 6. c3 Bd6 7. Bd3 O-O 8. Qc2 Re8+ 9. Ne2 h5 10. Be3 Nd7 11. O-O-O Nf8 12. Kb1 Be6 13. c4 Rc8 14. a3 Ng6 15. h3 Ne7 16. Nc3 a6 17. g4 h4 18. g5 f5 19. g6 f6 20. Rhg1 b5 21. Qe2 bxc4 22. Bxc4 Nd5 23. Bxd5 cxd5 24. Bd2 Qb6 25. Ka1 Qxd4 26. Be3 Qc4 27. Rd4 Qb3 28. Qxa6 Be5 29. Rb4 Rxc3 30. Rxb3 Rxb3 31. Bc1 Kf8 32. f4 Bd4 33. Qd6+ Re7 34. Rd1 Rb6 35. Qd8+ Re8 36. Qc7 Rc8 37. Qa7 Bf2 38. Bd2 Rbc6 39. Qxf2 1-0

[Event "Reykjavik Open 2025"]
[Site "Reykjavik"]
[Date "2025.04.10"]
[Round "2.136"]
[White "Hagner, Bennet"]
[Black "Boer, Alef"]
[Result "1-0"]
[WhiteElo "2430"]
[WhiteFideId "16224477"]
[BlackElo "2044"]
[BlackFideId "1007122"]
[Variant "Standard"]
[StudyName "ROpen 2025 - Rd2 - Boards 109-172"]
1. Nf3 d5 2. g3 Nf6 3. Bg2 e6 4. O-O Nc6 5. d4 Rb8 6. b3 b5 7. c4 b4 8. Bf4 Bd6 9. Ne5 Bb7 10. Nxc6 Bxc6 11. Nd2 Bxf4 12. gxf4 Qd6 13. e3 O-O 14. Qc2 Bb7 15. cxd5 exd5 16. Rfc1 Rfc8 17. Bh3 Nd7 18. Qf5 Rd8 19. Nf3 Nf6 20. Qe5 c6 21. a3 bxa3 22. Qxd6 Rxd6 23. Rxa3 a6 24. Ne5 Kf8 25. Bf1 Ra8 26. Rca1 Nd7 27. Bxa6 Bxa6 28. Rxa6 Rxa6 29. Rxa6 Nxe5 30. fxe5 Re6 31. b4 g5 32. Rb6 1-0

[Event "Reykjavik Open 2025"]
[Site "Reykjavik"]
[Date "2025.04.10"]
[Round "2.137"]
[White "Deboushnik, De"]
[Black "Akesson, Ralf"]
[Result "1/2-1/2"]
[WhiteElo "2038"]
[WhiteFideId "25768778"]
[BlackElo "2361"]
[BlackTitle "GM"]
[BlackFideId "1700120"]
[Variant "Standard"]
[StudyName "ROpen 2025 - Rd2 - Boards 109-172"]
1. d4 Nf6 2. c4 g6 3. Nc3 d5 4. Nf3 Bg7 5. Bg5 Ne4 6. Bf4 Nxc3 7. bxc3 c5 8. e3 O-O 9. cxd5 Qxd5 10. Be2 Nc6 11. O-O cxd4 12. cxd4 b6 13. Rc1 Bb7 14. Bc4 Qf5 15. Bd3 Qa5 16. Qe2 Rac8 17. Bc4 e5 18. dxe5 Nxe5 19. Nxe5 Bxe5 20. Bxe5 Qxe5 21. Ba6 Rxc1 22. Rxc1 Bd5 23. Qc2 Be6 24. Qd2 Rb8 25. h3 Qg5 26. f4 Rd8 27. Qe1 Qe7 28. Qe2 Qa3 29. Rc2 Bf5 30. Rc7 Be6 31. Kh2 Qxa2 32. Qxa2 Bxa2 33. Rxa7 Rd2 34. Rb7 Rb2 35. e4 Kg7 36. Rb8 Be6 37. Bc8 Bc4 38. Bb7 b5 39. Bd5 Bxd5 40. exd5 Kf6 41. Rb7 h5 42. Kg3 b4 43. d6 b3 44. d7 1/2-1/2

[Event "Reykjavik Open 2025"]
[Site "Reykjavik"]
[Date "2025.04.10"]
[Round "2.138"]
[White "Ruiz Buendia, Miguel"]
[Black "Weidenhoefer, Max"]
[Result "0-1"]
[WhiteElo "2353"]
[WhiteTitle "FM"]
[WhiteFideId "24537675"]
[BlackElo "2085"]
[BlackTitle "CM"]
[BlackFideId "16230566"]
[Variant "Standard"]
[StudyName "ROpen 2025 - Rd2 - Boards 109-172"]
1. e4 c6 2. d4 d5 3. e5 Bf5 4. Nc3 e6 5. g4 Bg6 6. Nge2 h6 7. Nf4 Bh7 8. Be3 Nd7 9. Bd3 Bxd3 10. Qxd3 Ne7 11. O-O-O c5 12. Nb5 Nc8 13. Nxe6 fxe6 14. Qg6+ Ke7 15. Nd6 Nxd6 16. exd6+ Kxd6 17. Bf4+ Ke7 18. Rhe1 Nf6 19. dxc5 Qe8 20. Rxe6+ Kxe6 21. Re1+ Kd7 22. Qf5+ Kd8 23. Rxe8+ Kxe8 24. Qe6+ Kd8 25. Bd2 Bxc5 26. Qf7 Be7 27. f3 g5 28. Bc3 Rf8 29. Qg7 Ng8 30. Bb4 Kd7 31. a3 Rxf3 32. Qd4 Rf1+ 33. Kd2 Nf6 34. Bxe7 Kxe7 35. Qb4+ Ke6 36. Qxb7 Rf8 37. Qa6+ Ke5 38. Kc3 Ne4+ 39. Kb4 Rb8+ 40. Ka5 Rf6 41. Qxa7 Rxb2 42. Qc7+ Kd4 43. a4 Nd2 44. Qa7+ Kc3 45. Qe3+ Kxc2 46. Qe2 d4 47. h4 Kc3 48. hxg5 Nb3+ 0-1

[Event "Reykjavik Open 2025"]
[Site "Reykjavik"]
[Date "2025.04.10"]
[Round "2.139"]
[White "Oskarsson, Markus Orri"]
[Black "Birkisson, Bardur Orn"]
[Result "1-0"]
[WhiteElo "2051"]
[WhiteFideId "2320118"]
[BlackElo "2342"]
[BlackTitle "FM"]
[BlackFideId "2310597"]
[Variant "Standard"]
[StudyName "ROpen 2025 - Rd2 - Boards 109-172"]
1. d4 Nf6 2. c4 b6 3. Nc3 Bb7 4. Qc2 d5 5. cxd5 Nxd5 6. e4 Nxc3 7. bxc3 e5 8. Nf3 exd4 9. Bc4 Nc6 10. O-O d3 11. Bxd3 Qe7 12. a4 O-O-O 13. Be3 g6 14. Nd4 Nxd4 15. Bxd4 f6 16. a5 Qe6 17. axb6 axb6 18. Ra7 c5 19. Qa4 cxd4 20. Ba6 Rd7 21. Ra8+ Kc7 22. Bxb7 Bg7 23. Bd5 Rxa8 24. Qc4+ 1-0

[Event "Reykjavik Open 2025"]
[Site "Reykjavik"]
[Date "2025.04.10"]
[Round "2.140"]
[White "Haug, Havard"]
[Black "Balton, Tim"]
[Result "1-0"]
[WhiteElo "2339"]
[WhiteFideId "1547887"]
[BlackElo "1988"]
[BlackFideId "1478060"]
[Variant "Standard"]
[StudyName "ROpen 2025 - Rd2 - Boards 109-172"]
1. e4 Nc6 2. Nf3 d6 3. d4 Nf6 4. Nc3 g6 5. Bc4 Bg7 6. Qe2 Bg4 7. Be3 e5 8. dxe5 Nxe5 9. Bb3 O-O 10. h3 Nxf3+ 11. gxf3 Bh5 12. Bg5 h6 13. Bh4 Re8 14. O-O-O a6 15. Rhg1 b5 16. Rd5 b4 17. Rxh5 bxc3 18. Rxg6 cxb2+ 19. Kb1 Nxh5 20. Bxd8 Raxd8 21. Qxa6 d5 22. Bxd5 Nf4 23. Rxg7+ Kxg7 24. Bb3 Nxh3 25. Kxb2 Nxf2 26. Qa7 Nd1+ 27. Kc1 Re7 28. Qc5 Red7 29. Bd5 Rc8 30. Kxd1 c6 31. Kc1 1-0

[Event "Reykjavik Open 2025"]
[Site "Reykjavik"]
[Date "2025.04.10"]
[Round "2.141"]
[White "Mrozowski, Nikodem"]
[Black "Briem, Benedikt"]
[Result "0-1"]
[WhiteElo "1984"]
[WhiteFideId "41801733"]
[BlackElo "2249"]
[BlackFideId "2315432"]
[Variant "Standard"]
[StudyName "ROpen 2025 - Rd2 - Boards 109-172"]
1. e4 e5 2. Nf3 Nc6 3. Bb5 Nf6 4. O-O Nxe4 5. d4 Nd6 6. dxe5 Nxb5 7. a4 Nbd4 8. Nxd4 d5 9. exd6 Nxd4 10. Qxd4 Qxd6 11. Qe4+ Qe6 12. Qd4 Qd6 13. Qe4+ Be7 14. Bf4 Qe6 15. Qf3 c6 16. Nc3 Qg6 17. Rfe1 Be6 18. Ne4 O-O 19. Bd6 Bxd6 20. Nxd6 Bd5 21. Qg3 Qxc2 22. Nxb7 Qxb2 23. Nc5 Rfe8 24. Nd3 Rxe1+ 25. Rxe1 Qc3 26. Qe3 h6 27. Rc1 Qa3 28. Qd4 Re8 29. Ra1 Qe7 30. f3 Qg5 31. Re1 Rxe1+ 32. Nxe1 Qc1 33. Kf2 a6 34. h4 Qb1 35. Nd3 Qd1 36. h5 Qd2+ 37. Kg3 Be6 38. Qe4 Qg5+ 39. Kf2 Bf5 40. Qe8+ Kh7 41. Nc5 Qh4+ 42. g3 Qh2+ 43. Kf1 Bh3+ 44. Ke1 Qg1+ 45. Ke2 Bf1+ 46. Kd2 Qxc5 47. Qe4+ Kg8 48. Qe8+ Qf8 49. Qxc6 Qd8+ 50. Ke1 Bd3 51. Kf2 Qd4+ 52. Kg2 Qb2+ 53. Kh3 Bf1+ 54. Kg4 Qd4+ 55. f4 Qd1+ 56. Kh4 Qd8+ 57. Kg4 Be2+ 58. Kh3 Bd3 59. Kg2 a5 60. Qc5 Be4+ 61. Kh3 Qd5 62. Qc8+ Kh7 63. g4 Qd1 64. Kh4 Qf3 65. Qc7 Qf2+ 66. Kh3 Qg2+ 67. Kh4 Qh2# 0-1

[Event "Reykjavik Open 2025"]
[Site "Reykjavik"]
[Date "2025.04.10"]
[Round "2.142"]
[White "Khaledi, Omid"]
[Black "Divry, Alexandre"]
[Result "1-0"]
[WhiteElo "2228"]
[WhiteFideId "22514635"]
[BlackElo "2036"]
[BlackFideId "16286006"]
[Variant "Standard"]
[StudyName "ROpen 2025 - Rd2 - Boards 109-172"]
1. d4 d5 2. Nf3 Nf6 3. c4 e6 4. g3 dxc4 5. Bg2 c5 6. O-O Nc6 7. dxc5 Qxd1 8. Rxd1 Bxc5 9. Nbd2 c3 10. bxc3 O-O 11. Nb3 Be7 12. Nfd4 Nxd4 13. cxd4 Nd5 14. Bd2 f5 15. Nc5 b6 16. e4 fxe4 17. Nxe4 Bd7 18. Bg5 Rac8 19. Bxe7 Nxe7 20. Rd2 Bc6 21. Ng5 Bxg2 22. Kxg2 Rfd8 23. Nxe6 Rd6 24. Re1 Nd5 25. Ng5 h6 26. Nf3 b5 27. Re5 Kf7 28. Rf5+ Kg8 29. Re5 Kf7 30. Rf5+ Kg8 31. Nh4 Re8 32. Rc2 a6 33. Re5 Red8 34. Nf5 R6d7 35. a3 Kh7 36. Rc6 Ra8 37. Rc5 Rad8 38. Re6 Rf8 39. Ne3 Nf6 40. Nf5 Nd5 41. Rd6 Rxd6 42. Nxd6 Ne7 43. Rc7 Nd5 44. Rc5 Ne7 45. Rc7 Nd5 46. Rb7 Nc3 47. g4 Kg8 48. Nf5 Rf7 49. Rb8+ Kh7 50. Ra8 h5 51. h3 hxg4 52. hxg4 g6 53. Nd6 Rf4 54. Ra7+ Kg8 55. f3 Rxd4 56. Rxa6 b4 57. axb4 Rxb4 58. Rc6 Nd5 59. Ne4 Kg7 60. Rd6 Nf4+ 61. Kg3 Ne2+ 62. Kf2 Nf4 63. Rd7+ Kf8 64. Kg3 Ne6 65. Rd6 Ke7 66. Ra6 Rb1 67. Nc3 Rg1+ 68. Kf2 Rc1 69. Nd5+ Kf7 70. Ra7+ Kf8 71. Ke3 Re1+ 72. Kf2 Rd1 73. Nf6 Rc1 74. Nd7+ Ke7 75. Nc5+ Kf6 76. Ne4+ Ke5 77. Re7 Kd5 78. Rd7+ Ke5 79. Re7 Kd5 80. Re8 Rc7 81. Kg3 Ra7 82. Rg8 Rg7 83. Ra8 Rc7 84. Ra5+ Kc6 85. Ra6+ Kd5 86. Ra5+ Kc6 87. Ng5 Nxg5 88. Rxg5 Rg7 89. f4 Kd6 90. Ra5 Rg8 91. Kh4 Ke6 92. Kg5 Kf7 93. Ra7+ Ke6 94. Ra6+ Kf7 95. Rf6+ 1-0

[Event "Reykjavik Open 2025"]
[Site "Reykjavik"]
[Date "2025.04.10"]
[Round "2.145"]
[White "Gislason, Gudmundur"]
[Black "Sparwel, Oliver"]
[Result "1-0"]
[WhiteElo "2216"]
[WhiteFideId "2300559"]
[BlackElo "1987"]
[BlackFideId "4002660"]
[Variant "Standard"]
[StudyName "ROpen 2025 - Rd2 - Boards 109-172"]
1. d4 Nf6 2. Nf3 d5 3. Bf4 e6 4. e3 b6 5. c3 Be7 6. Bd3 O-O 7. Qe2 Bb7 8. Nbd2 Ne4 9. h4 f5 10. Bxe4 fxe4 11. Ng5 Bxg5 12. hxg5 g6 13. Qg4 Rf5 14. Qh3 Qe7 15. Bg3 Nd7 16. f3 e5 17. dxe5 Nxe5 18. Bxe5 Qxe5 19. f4 Qe7 20. Nf1 Rf7 21. Nh2 Bc8 22. Ng4 c6 23. O-O-O b5 24. Rd4 Bxg4 25. Qxg4 a5 26. Rh6 Rd8 27. Qd1 Qe6 28. g4 c5 29. f5 Qe5 30. Rd2 gxf5 31. g6 Rfd7 32. gxh7+ Kh8 33. Rh5 Rf8 34. gxf5 Rxf5 35. Qg4 1-0

[Event "Reykjavik Open 2025"]
[Site "Reykjavik"]
[Date "2025.04.10"]
[Round "2.146"]
[White "Martin, Nils"]
[Black "Wiesebach, Wolfgang"]
[Result "1-0"]
[WhiteElo "2181"]
[WhiteFideId "45160473"]
[BlackElo "1971"]
[BlackFideId "4677196"]
[Variant "Standard"]
[StudyName "ROpen 2025 - Rd2 - Boards 109-172"]
1. e4 c5 2. Nf3 d6 3. d4 cxd4 4. Nxd4 Nf6 5. Nc3 g6 6. Be3 Bg7 7. f3 Nc6 8. Qd2 h5 9. O-O-O a6 10. Kb1 Qc7 11. f4 Bg4 12. Re1 Rd8 13. f5 h4 14. fxg6 fxg6 15. h3 Bc8 16. Nf3 b5 17. Nd5 Nxd5 18. exd5 Ne5 19. Nxe5 Bxe5 20. Bd3 Kf7 21. Qf2+ Kg7 22. Bb6 Qd7 23. Bxd8 Qxd8 24. Rhf1 Bf6 25. g3 Bxh3 26. Rh1 Qd7 27. Reg1 Bf5 28. Bxf5 Qxf5 29. Qxf5 gxf5 30. gxh4+ Kf7 31. h5 f4 32. h6 e5 33. dxe6+ Kxe6 34. b3 Be5 35. h7 Kf5 36. Kc1 b4 37. Kd1 Ke4 38. Rg8 Ke3 39. Re1+ Kf2 40. Rxe5 dxe5 41. Rxh8 e4 42. Re8 e3 43. h8=Q 1-0

[Event "Reykjavik Open 2025"]
[Site "Reykjavik"]
[Date "2025.04.10"]
[Round "2.147"]
[White "Savidge, Daniel"]
[Black "Eedle, Eric F"]
[Result "0-1"]
[WhiteElo "2180"]
[WhiteFideId "450332"]
[BlackElo "1972"]
[BlackFideId "429627"]
[Variant "Standard"]
[StudyName "ROpen 2025 - Rd2 - Boards 109-172"]
1. b3 d5 2. Bb2 Bf5 3. g3 e6 4. Bg2 Nf6 5. d3 Be7 6. Nd2 O-O 7. e4 Bg6 8. e5 Nfd7 9. h4 h6 10. Nh3 Nc6 11. Nf4 Bh7 12. Qe2 Nb4 13. Nf3 c5 14. a3 Nc6 15. Kf1 Rc8 16. g4 c4 17. g5 cxb3 18. gxh6 gxh6 19. cxb3 Kh8 20. Bh3 Nc5 21. Nd4 Nxd4 22. Bxd4 Nxb3 23. Qb2 Nxa1 24. Bxe6 Nc2 25. Bxc8 Nxd4 26. Qxd4 Qxc8 27. e6+ f6 28. Qxd5 Qc1+ 0-1

[Event "Reykjavik Open 2025"]
[Site "Reykjavik"]
[Date "2025.04.10"]
[Round "2.148"]
[White "Alfaro Guillen, Jose Raul"]
[Black "Eiriksson, Theodor"]
[Result "1-0"]
[WhiteElo "1956"]
[WhiteFideId "6501966"]
[BlackElo "1742"]
[BlackFideId "2322277"]
[Variant "Standard"]
[StudyName "ROpen 2025 - Rd2 - Boards 109-172"]
1. c4 e6 2. Nf3 d5 3. g3 Nf6 4. Bg2 Be7 5. O-O O-O 6. b3 c5 7. Bb2 Nc6 8. Qc2 h6 9. cxd5 exd5 10. a3 Re8 11. d4 cxd4 12. Nxd4 Nxd4 13. Bxd4 Be6 14. Nc3 b6 15. Rfd1 Rc8 16. Qb2 Qc7 17. Rac1 Qb7 18. b4 Red8 19. Qb1 Rc7 20. Rd2 Rcd7 21. Rcd1 Ne8 22. f4 Bf6 23. f5 Bxd4+ 24. Rxd4 Rc7 25. fxe6 Rxc3 26. Rxd5 Rdc8 27. Rd7 1-0

[Event "Reykjavik Open 2025"]
[Site "Reykjavik"]
[Date "2025.04.10"]
[Round "2.149"]
[White "Naga, Laxmi Seelam"]
[Black "Schoffelmeer, Jetse"]
[Result "1/2-1/2"]
[WhiteElo "1764"]
[WhiteFideId "25702475"]
[BlackElo "1939"]
[BlackFideId "1084658"]
[Variant "Standard"]
[StudyName "ROpen 2025 - Rd2 - Boards 109-172"]
1. e4 e5 2. Nf3 Nc6 3. Bc4 Bc5 4. c3 Nf6 5. d3 h6 6. Be3 Bxe3 7. fxe3 d6 8. O-O Bg4 9. Qb3 O-O 10. Qxb7 Na5 11. Qa6 c6 12. b4 Nxc4 13. Qxc4 Qb6 14. d4 Nxe4 15. Qd3 Bxf3 16. Rxf3 Ng5 17. Rf5 exd4 18. exd4 a5 19. b5 a4 20. Nd2 g6 21. Rf6 cxb5 22. h4 Nh7 23. Rf3 d5 24. Raf1 Ra7 25. Qe3 g5 26. hxg5 hxg5 27. Rf6 Qd8 28. R1f5 Kh8 29. Qh3 Qc8 30. Rh6 f6 31. g4 Qe6 32. Nf1 1/2-1/2

[Event "Reykjavik Open 2025"]
[Site "Reykjavik"]
[Date "2025.04.10"]
[Round "2.150"]
[White "Jacobs, Simon"]
[Black "Teichmann, Alexander"]
[Result "0-1"]
[WhiteElo "1754"]
[WhiteFideId "343440673"]
[BlackElo "1934"]
[BlackFideId "24657735"]
[Variant "Standard"]
[StudyName "ROpen 2025 - Rd2 - Boards 109-172"]
1. e4 e6 2. d4 d5 3. Nd2 Nc6 4. Ngf3 Nf6 5. e5 Nd7 6. Be2 f6 7. exf6 Qxf6 8. Nf1 Bd6 9. Bg5 Qg6 10. Bd3 Qh5 11. c3 O-O 12. Qd2 e5 13. Ng3 Qe8 14. dxe5 Ndxe5 15. O-O-O Nxf3 16. gxf3 Ne5 17. Be2 Be6 18. Rhg1 Kh8 19. Kb1 Rxf3 20. Be3 c5 21. Qc1 Qa4 22. b3 Qa5 23. Bxf3 Nxf3 24. Rh1 Be5 25. Ne2 Bf5+ 26. Kb2 c4 27. Nd4 Be4 28. Ne2 b5 29. Bc5 b4 30. Be3 cxb3 31. Kxb3 bxc3 32. a3 Rb8+ 33. Ka2 Rb2+ 0-1

[Event "Reykjavik Open 2025"]
[Site "Reykjavik"]
[Date "2025.04.10"]
[Round "2.151"]
[White "Kirk, Eden"]
[Black "Stepniewski, Artur"]
[Result "1-0"]
[WhiteElo "1933"]
[WhiteFideId "680290"]
[BlackElo "1667"]
[BlackFideId "118104518"]
[Variant "Standard"]
[StudyName "ROpen 2025 - Rd2 - Boards 109-172"]
1. d4 c5 2. d5 e6 3. Nc3 exd5 4. Nxd5 Nf6 5. Bg5 Qa5+ 6. Bd2 Qd8 7. Nxf6+ Qxf6 8. Bc3 Qh6 9. e4 d6 10. Bc4 Be6 11. Bd5 Bxd5 12. Qxd5 Nc6 13. Ne2 O-O-O 14. Qxf7 Rd7 15. Qb3 Qg6 16. Ng3 Be7 17. O-O-O Bf6 18. Bxf6 Qxf6 19. Rd2 Rf8 20. Rhd1 Qg5 21. Kb1 Kc7 22. f3 g6 23. Ne2 Rf6 24. Nc3 Ne7 25. e5 Qxe5 26. Re2 Qxh2 27. Rxe7 Rxe7 28. Nd5+ Kb8 29. Nxf6 a6 30. Qb6 Qe5 31. Ne4 d5 32. Qxc5 Rc7 33. Qxd5 Rd7 34. Qxe5+ 1-0